Science Quiz

Random Science Quiz

Invertebrate Identification 2 Quiz Stats

 Plays Quiz not verified by Sporcle

Challenge
Share
Tweet
Embed
Score 0/71 Timer 10:00
0 Plays Today
Common name/characteristic Taxon % Correct
'10 legs'Order Decapoda
100%
Segmented, jointed appendagesPhylum Arthropoda
80%
All have pincers as 1st of 6 appendagesSubphylum Chelicerata
80%
Small planktonic crustacean groupClass Copepoda
80%
Long horizontal antennaeOrder Calanoida
80%
Long antennae run beside bodyOrder Cyclopoida
80%
Short antennae, long slender bodyOrder Harpacticoida
80%
BarnaclesClass Cirripedia
80%
Shrimp,crabs, lobsters, etcClass Malacostraca
80%
Dorso-ventrally compressed. Deep sea and terrestrialOrder Isopoda
80%
Largest Class of all organismsClass Insecta
80%
Velvet WormsPhylum Onychophora
70%
Forebody has chelicerae, pedipalps, and 4 appendagesClass Arachnida
70%
2 pairs of antennae, biramous appendagesSubphylum Crustacea
70%
'gill feet' Swim with 2nd antennaeClass Branchiopoda
70%
KrillOrder Euphausiacea
70%
Live buried in sandOrder Cumacea
70%
Uniramous appendages, Insects and -pedesSubphylum Uniramia
70%
Dragonflies and DamelfliesOrder Odonata
70%
RoachesOrder Blattodea
70%
Praying MantisOrder Mantodea
70%
True BugsOrder Hemiptera
70%
Aphids, Leaf Hoppers, CicadasOrder Homoptera
70%
MayfliesOrder Ephemeroptera
70%
StonefliesOrder Plecoptera
70%
TermitesOrder Isoptera
70%
EarwigsOrder Dermaptera
70%
Beetles, Most diverse order with 500,000 speciesOrder Coleoptera
70%
Butterflies and mothsOrder Lepidoptera
70%
True flies, mosquitoes, gnats and midgesOrder Diptera
70%
Wasps, Bees, AntsOrder Hymenoptera
70%
Completely extinct, many fossilsSubphylum Trilobita
60%
All have trilobite larvaeClass Merostoma
60%
Horseshoe CrabsSubclass Xiphosura
60%
Sea SpidersClass Pycnogonida
60%
True Spiders and TarantulasOrder Aranea
60%
Common name/characteristic Taxon % Correct
Have unhinged cheliceraeSuborder Mygalomorpha
60%
PsuedoscorpionsOrder Pseudoscorpionida
60%
ScorpionsOrder Scorpionida
60%
Harvestmen, Daddy Long legsOrder Opiliones
60%
Whip ScorpionsOrder Uropygi
60%
Tail-less Whip ScorpionsOrder Amblypygi
60%
Mites, Ticks, and ChiggersOrder Acari
60%
Daphnia and Water fleasSuborder Cladocera
60%
Seed Shrimp, Mussel ShrimpClass Ostracoda
60%
Fish LiceClass Branchisura
60%
Krill-like, carapace covering gillsOrder Mysidacea
60%
Commercial Shrimp, 1st 3 appendages chelateInfraorder Penaeidae
60%
Small Shrimp, 1st and 2nd appendage chelateInfraorder Caridea
60%
Hermit, mole, and king crabs. 2nd antennae lateral to eyeInfraorder Anomura
60%
Lobster, crayfish, true crabs. 5th pair of legs not reduced, 2nd antennae between eyesInfraorder Brachyura
60%
Longer and thinner than #38.Order Tanaidacea
60%
Beach Hoppers. Laterally CompressedOrder Amphipoda
60%
Mantis ShrimpOrder Stomatopoda
60%
MillipedesClass Diplopoda
60%
CentipedesClass Chilopoda
60%
Wingless InsectsSubclass Apterygota
60%
Hemimetabolous insectsDivision Exopterygota
60%
Crickets, Katydids, and GrasshoppersOrder Orthoptera
60%
Walking SticksOrder Phasmida
60%
HolometabolousDivision Endopterygota
60%
Have articulated cheliceraeSuborder Araneomorpha
50%
Fairy/Brine Shrimp. no carapaceOrder Anostraca
50%
Silverfish, BristletailsOrder Thysanura
50%
Winged and 2ndarily wingless insectsSubclass Pterygota
50%
Parasitic Wasps (most specious family with 60,000 members)Family Ichneumonidae
50%
CaddisfliesOrder Trichoptera
50%
Sucking LiceOrder Anoplura
40%
Netwinged fliesOrder Neuroptera
30%
Dobson flies, fish fliesOrder Megaloptera
30%
Horseshoe crabSpecies Limulus polyphemus
20%

You're not logged in!

Compare scores with friends on all Sporcle quizzes.
Join for Free
OR
Log In

You Might Also Like...

Show Comments

Extras

Top Quizzes Today


Score Distribution

Your Account Isn't Verified!

In order to create a playlist on Sporcle, you need to verify the email address you used during registration. Go to your Sporcle Settings to finish the process.

Report this User

Report this user for behavior that violates our Community Guidelines.

Details: